000 00560nam a2200157 a 4500
008 120416s1985 ||||||||||||||||| || u
050 _aHD 5660.U5 Dah
100 _aDahl, Robert Alan
245 1 2 _aA preface to economic democracy
260 _aNew Delhi
_bAffliated East West Press
_c1985
300 _avii, 184p
350 _a0.00
650 0 _aECONOMICS
650 _aDEMOCRACY--ECONOMIC THEORY
995 _D0.00
_FCBU-MAIN LIBRARY (Kitwe)
_H1
_I8.50
_M1
_UAVAILABLE
_ZAnnex Low-Usage Collection
999 _c54364
_d54364